000 00464nam a2200181Ia 4500
008 090124s9999 xx 000 0 und d
082 _b41204
100 _aत्यागी भीमसेन
245 _a जमीन
250 _a1
260 _c2004
300 _a353
600 _aत्यागी भीमसेन
630 _a जमीन
700 _aत्यागी भीमसेन
730 _a जमीन
942 _cBOOK
999 _c107345
_d107345